000 00940cad a22001935a 4500
001 L152001
008 110120s2011 xxk f 000 0 eng d
035 _a(Sirsi) u152001
041 0 _aeng
110 2 _aZero Carbon Hub
245 0 0 _aCarbon compliance
_bwhat is the appropriate level for 2016?, interim report
_h[electronic resource]
260 _aLondon
_bZero Carbon Hub
_c2010
520 _aThe Task Group concluded that the currently proposed 70% improvement over 2006 is not deliverable as a national minimum standard for all dwellings from 2016 as it would significantly constrain the range of house types (and designs) which could be built.
590 _aKA NTK
651 4 _aUnited Kingdom
_y
690 _aBUILT ENVIRONMENT-SUSTAINABLE CONSTRUCTION
856 4 0 _uhttps://www.zerocarbonhub.org/resourcefiles/Carbon_Compliance_Interim_Report_16_12_10.pdf
_zView this item free of charge at www.zerocarbonhub.org
942 _n0
999 _c111788
_d111788